|
|
|
|
| LEADER |
00000nab a2200000ua 4500 |
| 001 |
vtls010785464 |
| 003 |
SK-MaSNL |
| 005 |
20260303102624.0 |
| 008 |
230121s1969 xo |||||||||||||||||slo| |
| 035 |
|
|
|a (urnnbn)urn:nbn:sk:snk:ar-004or5
|
| 035 |
|
|
|a urn:nbn:sk:snk-ab5hbu
|
| 035 |
|
|
|a (uuid)18bfef67-ca66-4674-b39b-7c74f8e29599
|
| 040 |
|
|
|a SNKBUCL
|b slo
|c SNKBUCL
|e AACR2
|
| 041 |
0 |
|
|a slo
|
| 044 |
|
|
|a xo
|c SK
|
| 100 |
1 |
|
|a Masár, Ivan,
|d 1930-2008
|4 aut
|9 13367
|
| 245 |
1 |
0 |
|a Tvarovka a tvárnica.
|c I. Masár
|
| 773 |
0 |
|
|t Kultúra slova : vedecko-popularizačný časopis pre jazykovú kultúru a terminológiu : orgán Jazykovedného ústavu Ľudovíta Štúra SAV, Jazykového odboru Matice slovenskej a Ústrednej jazykovej rady
|g Roč. 3, č. 3 (1969), s. 94-95
|
| 954 |
|
|
|a odborná, vedecká literatúra pôvodná (slovenská)
|2 lita
|
| 958 |
|
|
|a OND
|
| 958 |
|
|
|a EUIPO
|
| 958 |
|
|
|a article5
|
| 999 |
|
|
|c 1843680
|d 1845610
|